[Event "CYCC U12"]
[Site "Windsor CAN"]
[Date "2010.07.08"]
[Round "5"]
[White "Lin, Tony (Juntao)"]
[Black "Song, Terry"]
[Result "0-1"]
[WhiteElo "1882"]
[BlackElo "1916"]
[PlyCount "84"]
[EventDate "2010.07.06"]
[EventType "swiss"]
[EventRounds "7"]
[EventCountry "CAN"]

1. e4 e5 2. Nf3 Nc6 3. Bb5 a6 4. Ba4 Nf6 5. O-O b5 6. Bb3 d6 7. Re1 Na5 8. d4
Nxb3 9. axb3 Bb7 10. d5 Be7 11. Nbd2 O-O 12. Nf1 Nd7 13. Ng3 Nb6 14. Bd2 Bc8
15. Be3 Bd7 16. Qe2 Qc8 17. Ra2 f5 18. Bxb6 cxb6 19. exf5 Bxf5 20. Nxf5 Qxf5
21. Rea1 a5 22. b4 Rac8 23. b3 Bf6 24. Rd1 axb4 25. Ne1 e4 26. Ra6 Bc3 27. Rxb6
Bxe1 28. Rxe1 Qxd5 29. Rxb5 Qc6 30. Rxb4 Qxc2 31. Qxc2 Rxc2 32. Rbxe4 Rfxf2 33.
Rg4 Rb2 34. h3 Rfd2 35. Rg3 d5 36. Kh1 d4 37. h4 d3 38. h5 Re2 39. Rf1 d2 40.
Rgf3 h6 41. Rd1 Rxb3 42. Rxd2 Rb1+ 0-1

[Event "CYCC U12"]
[Site "Windsor CAN"]
[Date "2010.07.08"]
[Round "5"]
[White "McCleary, Reuben"]
[Black "Tismenko, Dennis"]
[Result "1-0"]
[WhiteElo "1598"]
[BlackElo "1301"]
[PlyCount "41"]
[EventDate "2010.07.06"]
[EventType "swiss"]
[EventRounds "7"]
[EventCountry "CAN"]

1. e4 e5 2. Nf3 Nc6 3. Bc4 Bc5 4. O-O Nf6 5. d4 Bxd4 6. Nxd4 Nxd4 7. Bg5 O-O 8.
f4 d6 9. fxe5 dxe5 10. Bxf6 gxf6 11. Nc3 Be6 12. Nd5 c6 13. Nxf6+ Kh8 14. Qh5
Qxf6 15. Rxf6 Bxc4 16. Rh6 Ne2+ 17. Kh1 Kg7 18. Qg5+ Kh8 19. Qf5 Ng3+ 20. hxg3
Kg8 21. Qxh7# 1-0

[Event "CYCC U12"]
[Site "Windsor CAN"]
[Date "2010.07.08"]
[Round "5"]
[White "Nasir, Zehn"]
[Black "Graif, William"]
[Result "1-0"]
[WhiteElo "1667"]
[BlackElo "1676"]
[PlyCount "103"]
[EventDate "2010.07.06"]
[EventType "swiss"]
[EventRounds "7"]
[EventCountry "CAN"]

1. d4 d5 2. e4 dxe4 3. Nc3 Nf6 4. f3 exf3 5. Nxf3 e6 6. Bg5 Be7 7. Bd3 Nbd7 8.
O-O O-O 9. Qe1 h6 10. Be3 b6 11. Qg3 Bd6 12. Qh3 Re8 13. Rf2 Bf8 14. Raf1 Nd5
15. Bd2 N7f6 16. Ne5 Bd7 17. Nxd5 exd5 18. Nxd7 Nxd7 19. Qg4 Re6 20. Rxf7 Rd6
21. R7f2 Nf6 22. Qg3 Ne4 23. Bxe4 dxe4 24. Rxf8+ Qxf8 25. Rxf8+ Rxf8 26. h3
Rxd4 27. Bc3 Rd7 28. Qe5 Rd1+ 29. Kh2 Rf7 30. Qxe4 c5 31. a3 Rdf1 32. Be5 R1f2
33. Bd6 R2f6 34. Qe8+ Kh7 35. Bb8 a6 36. Qe4+ Kg8 37. Qe2 b5 38. Bg3 c4 39. a4
Rf5 40. axb5 axb5 41. c3 Kh7 42. Bh4 Rd7 43. Qe4 g6 44. Qc6 Rfd5 45. Bg3 Rd8
46. Be5 h5 47. Qf6 R5d7 48. Bf4 Rd5 49. Qf7+ Kh8 50. Be5+ Rxe5 51. Qf6+ Kh7 52.
Qxe5 1-0

[Event "CYCC U12"]
[Site "Windsor CAN"]
[Date "2010.07.08"]
[Round "5"]
[White "O'Neil, Michael"]
[Black "Jensen, Jacob"]
[Result "0-1"]
[WhiteElo "1136"]
[BlackElo "1661"]
[PlyCount "104"]
[EventDate "2010.07.06"]
[EventType "swiss"]
[EventRounds "7"]
[EventCountry "CAN"]

1. e4 c5 2. Nf3 d6 3. d4 cxd4 4. Nxd4 Nf6 5. Nc3 a6 6. Bg5 Nbd7 7. Bc4 e6 8.
O-O Nc5 9. f3 Be7 10. Re1 Qc7 11. Bf1 O-O 12. Qd2 b5 13. a3 Bb7 14. b4 Ncd7 15.
a4 bxa4 16. Rxa4 Rfc8 17. Re3 h6 18. Bh4 Nxe4 19. Nxe4 Bxh4 20. Rc3 Qb6 21.
Rxc8+ Rxc8 22. Kh1 Be7 23. b5 axb5 24. Nxb5 Nc5 25. Nxc5 Rxc5 26. Rb4 Qc6 27.
Nd4 Qc7 28. Nb5 Qd7 29. Nd4 Rd5 30. Bb5 Qc7 31. c4 Qa5 32. h3 Rxd4 33. Qxd4
Qxb4 34. Qa7 Qe1+ 35. Kh2 Bh4 36. Qg1 Qxg1+ 37. Kxg1 Kf8 38. Kf1 Ke7 39. Ke2
Kd8 40. Kd3 Kc7 41. Kc3 Bc6 42. Bxc6 Kxc6 43. Kd4 Bf2+ 44. Kd3 Kc5 45. Kc3 d5
46. cxd5 exd5 47. g4 g5 48. Kd3 d4 49. Ke2 Kc4 50. Kxf2 Kc3 51. Ke1 Kc2 52. Ke2
d3+ 0-1

[Event "CYCC U12"]
[Site "Windsor CAN"]
[Date "2010.07.08"]
[Round "5"]
[White "Pernasilici, Lorenzo"]
[Black "Papadopoulos, Andrew"]
[Result "0-1"]
[WhiteElo "1148"]
[BlackElo "1005"]
[PlyCount "92"]
[EventDate "2010.07.06"]
[EventType "swiss"]
[EventRounds "7"]
[EventCountry "CAN"]

1. e4 e6 2. Nc3 Nc6 3. Bc4 e5 4. Qf3 Nf6 5. d3 d6 6. Bg5 Bg4 7. Qg3 h5 8. Bxf6
Qxf6 9. Nh3 Nd4 10. O-O O-O-O 11. Nd5 Ne2+ 12. Kh1 Nxg3+ 13. hxg3 Qe6 14. Nb6+
cxb6 15. Bxe6+ Bxe6 16. Ng5 Be7 17. Nf3 h4 18. gxh4 Bxh4 19. Nxh4 Rxh4+ 20. Kg1
Rdh8 21. f3 Rh1+ 22. Kf2 R1h2 23. Rh1 Rxh1 24. Rxh1 Rxh1 25. c4 Ra1 26. a3 Ra2
27. Ke3 Rxb2 28. d4 Rxg2 29. dxe5 dxe5 30. f4 Rg3+ 31. Kf2 Rxa3 32. fxe5 Bxc4
33. e6 fxe6 34. e5 a5 35. Ke1 Ra2 36. Kd1 b5 37. Kc1 Rh2 38. Kb1 Bd3+ 39. Ka1
Bc4 40. Kb1 a4 41. Ka1 g5 42. Kb1 g4 43. Kc1 g3 44. Kd1 a3 45. Ke1 a2 46. Kd1
a1=R# 0-1

[Event "CYCC U12"]
[Site "Windsor CAN"]
[Date "2010.07.08"]
[Round "5"]
[White "Song, Edward"]
[Black "Kong, Dezheng"]
[Result "1-0"]
[WhiteElo "1837"]
[BlackElo "2006"]
[PlyCount "190"]
[EventDate "2010.07.06"]
[EventType "swiss"]
[EventRounds "7"]
[EventCountry "CAN"]

1. d4 d5 2. c4 c6 3. Nc3 Nf6 4. Nf3 e6 5. Bg5 Be7 6. e3 Nbd7 7. Bd3 dxc4 8.
Bxc4 b5 9. Bd3 Bb7 10. e4 h6 11. Bh4 a6 12. O-O O-O 13. Rc1 Rc8 14. Qe2 Re8 15.
Rfd1 b4 16. Na4 Qa5 17. b3 e5 18. dxe5 Nxe5 19. Nd4 Nxd3 20. Rxd3 Bd8 21. f3
Re5 22. Bg3 Rh5 23. Nf5 Bb6+ 24. Kh1 Rf8 25. Nd6 Ba8 26. Nc4 Qg5 27. f4 Qg6 28.
Naxb6 Nxe4 29. Qf3 Bb7 30. Ne5 Qf5 31. Nbd7 Re8 32. Qg4 Qxg4 33. Nxg4 Bc8 34.
Kg1 Re7 35. Nde5 Bf5 36. Rd8+ Kh7 37. Ne3 Be6 38. Rxc6 Nc3 39. Kf2 Nxa2 40.
Rxa6 Bxb3 41. Raa8 Rhxe5 42. fxe5 Be6 43. Rdb8 Rd7 44. Re8 b3 45. Red8 b2 46.
Rdb8 Rd2+ 47. Ke1 Rd3 48. Rxb2 Rxe3+ 49. Kd2 Re4 50. Rbxa2 Bxa2 51. Rxa2 f6 52.
exf6 gxf6 53. Kd3 Re6 54. Rf2 Kg6 55. Re2 Ra6 56. Ke3 Ra5 57. Rc2 Ra4 58. Rc6
Ra3+ 59. Ke4 Ra4+ 60. Kf3 Ra3+ 61. Kg4 Ra4+ 62. Bf4 Rb4 63. Rc5 Rb2 64. Kh3
Rb3+ 65. g3 Rd3 66. Rc8 h5 67. Rh8 Rd5 68. Rh6+ Kg7 69. Kh4 Rd4 70. Rxh5 Kg6
71. Rc5 Rd8 72. Kg4 Rf8 73. Rc6 Kg7 74. Kf5 Rf7 75. h4 Ra7 76. h5 Ra5+ 77. Kg4
Kf7 78. h6 Kg6 79. Rc7 f5+ 80. Kf3 Ra3+ 81. Be3 Ra1 82. Rg7+ Kh5 83. h7 Ra8 84.
Rg5+ Kh6 85. Rg8+ Kxh7 86. Rxa8 f4 87. Bxf4 Kg6 88. Ra6+ Kf7 89. g4 Kg7 90. g5
Kf7 91. Kg4 Ke7 92. g6 Kd7 93. g7 Ke7 94. g8=Q Kd7 95. Qf7+ Kc8 1-0

[Event "CYCC U12"]
[Site "Windsor CAN"]
[Date "2010.07.08"]
[Round "5"]
[White "Thanabalachandran, Kajan"]
[Black "Yu, Patrick"]
[Result "1-0"]
[WhiteElo "1530"]
[BlackElo "1572"]
[PlyCount "149"]
[EventDate "2010.07.06"]
[EventType "swiss"]
[EventRounds "7"]
[EventCountry "CAN"]

1. e4 c5 2. Nf3 d6 3. d4 cxd4 4. Nxd4 Nf6 5. Nc3 a6 6. Qf3 e5 7. Nf5 Nc6 8. Bg5
Bxf5 9. Bxf6 Qxf6 10. Nd5 Qd8 11. exf5 Qa5+ 12. c3 Nd4 13. Qe4 Nc2+ 14. Qxc2
Qxd5 15. f3 Be7 16. Qe4 Qc6 17. Bc4 Qxe4+ 18. fxe4 Rf8 19. Bd5 O-O-O 20. Rf1
Bg5 21. g3 h5 22. a4 h4 23. g4 f6 24. h3 Kb8 25. Ke2 Rc8 26. Rfd1 Rfd8 27. Rd3
a5 28. Rad1 Ka7 29. Rb1 Rc5 30. Kd1 Rdc8 31. Kc2 b5 32. axb5 Rxb5 33. Rbd1 Rb6
34. Be6 Rd8 35. Ra1 Rb5 36. Rd5 Rxd5 37. Bxd5 Kb6 38. b4 axb4 39. cxb4 Rc8+ 40.
Kb3 Bd2 41. Ra2 Be1 42. Re2 Bg3 43. Ra2 Be1 44. Bc4 Bg3 45. b5 Be1 46. Ra6+ Kb7
47. Bd5+ Kb8 48. Bc4 Rd8 49. Bd5 Bf2 50. b6 Kc8 51. Ra8+ Kd7 52. b7 Ba7 53.
Rxa7 Rb8 54. Ra8 Kc7 55. Kc4 Rxb7 56. Bxb7 Kxb7 57. Rg8 Kc6 58. Rxg7 d5+ 59.
exd5+ Kd6 60. Rf7 e4 61. Rxf6+ Ke5 62. d6 Kf4 63. Re6 Kf3 64. d7 e3 65. Rxe3+
Kxe3 66. d8=Q Kf3 67. Qxh4 Kf4 68. Qh6+ Ke5 69. Qe6+ Kf4 70. f6 Kg3 71. f7 Kh2
72. Qe3 Kg2 73. f8=Q Kh1 74. Qff3+ Kh2 75. Qef2# 1-0

[Event "CYCC U12"]
[Site "Windsor CAN"]
[Date "2010.07.08"]
[Round "5"]
[White "Ye, Hanyuan"]
[Black "Mathews, Jeremy"]
[Result "1-0"]
[WhiteElo "1670"]
[BlackElo "1250"]
[PlyCount "157"]
[EventDate "2010.07.06"]
[EventType "swiss"]
[EventRounds "7"]
[EventCountry "CAN"]

1. e4 e5 2. Nf3 Nc6 3. Bb5 Nf6 4. O-O d6 5. Nc3 Bg4 6. h3 Bh5 7. d3 Be7 8. Be3
O-O 9. Re1 Nd4 10. g4 Nxf3+ 11. Qxf3 Bg6 12. Qg2 c6 13. Ba4 d5 14. exd5 cxd5
15. Bg5 d4 16. Bxf6 Bxf6 17. Nd5 b6 18. Re2 Rc8 19. Rae1 Rc5 20. Nxf6+ gxf6 21.
Rf1 b5 22. Bb3 a5 23. a4 b4 24. f4 exf4 25. Rxf4 Re8 26. Ref2 Re1+ 27. Kh2 Qd6
28. Qg3 Rce5 29. Rxf6 Qc7 30. Bxf7+ Bxf7 31. Rxf7 Qxf7 32. Rxf7 Kxf7 33. Qf4+
Kg6 34. Qxd4 Kg5 35. Qd8+ Kg6 36. Qg8+ Kf6 37. Qxh7 R1e2+ 38. Kg3 Re1 39. Qh6+
Kf7 40. Kf4 Ke7 41. Qg7+ Kd6 42. Qf6+ Re6 43. Qd8+ Kc6 44. Qxa5 Rf1+ 45. Kg5
Rff6 46. Qxb4 Rg6+ 47. Kf4 Rgf6+ 48. Kg3 Re3+ 49. Kh4 Rh6+ 50. Kg5 Rhxh3 51.
Qb5+ Kc7 52. a5 Re6 53. a6 Rhh6 54. a7 Rh8 55. Qc5+ Kb7 56. Qd5+ Rc6 57. Qb5+
Rb6 58. Qd7+ Ka8 59. Qd4 Rg8+ 60. Kf4 Rb7 61. g5 Rxa7 62. Qd5+ Rb7 63. Qxg8+
Ka7 64. Qa2+ Kb8 65. Qb3 Rxb3 66. cxb3 Kc7 67. Kf5 Kc6 68. Ke6 Kc5 69. g6 Kd4
70. g7 Kxd3 71. g8=Q Kc2 72. Kd5 Kxb3 73. Kd4+ Kxb2 74. Qg3 Kc2 75. Qd3+ Kc1
76. Qe2 Kb1 77. Qd2 Ka1 78. Kc3 Kb1 79. Qb2# 1-0

[Event "CYCC U12"]
[Site "Windsor CAN"]
[Date "2010.07.08"]
[Round "5"]
[White "Zhang, Kevin"]
[Black "Leu, Steven"]
[Result "1-0"]
[WhiteElo "1756"]
[BlackElo "1459"]
[PlyCount "115"]
[EventDate "2010.07.06"]
[EventType "swiss"]
[EventRounds "7"]
[EventCountry "CAN"]

1. Nf3 Nf6 2. d4 g6 3. c4 Bg7 4. Nc3 d5 5. cxd5 Nxd5 6. e4 Nxc3 7. bxc3 O-O 8.
Bd3 c5 9. Be3 b6 10. O-O cxd4 11. cxd4 Bb7 12. Rc1 Qd6 13. Qd2 Ba6 14. Bxa6
Nxa6 15. Bf4 Qd7 16. Qe2 Qb7 17. d5 Nc5 18. Nd2 Rac8 19. Rc2 Nd7 20. Rfc1 Rxc2
21. Rxc2 Rc8 22. Nb3 Be5 23. Bxe5 Nxe5 24. h3 Nd7 25. Qd1 Nc5 26. Rc4 Nxb3 27.
Qxb3 Kf8 28. Qc3 f6 29. Rxc8+ Kg7 30. Rc7 Qb8 31. Rxe7+ Kg8 32. Qc7 Qxc7 33.
Rxc7 Kf8 34. Rxa7 h5 35. d6 Ke8 36. Re7+ Kd8 37. Rf7 f5 38. exf5 gxf5 39. Rxf5
Kd7 40. Rxh5 Kxd6 41. Rh6+ Kc5 42. Rxb6 Kxb6 43. h4 Kc6 44. a3 Kd5 45. h5 Ke5
46. g4 Kf4 47. h6 Kxg4 48. h7 Kf5 49. h8=Q Ke6 50. Qh5 Kd6 51. Qf5 Kc7 52. Qe6
Kb8 53. Qd7 Ka8 54. f4 Kb8 55. f5 Ka8 56. f6 Kb8 57. f7 Ka8 58. f8=Q# 1-0

[Event "CYCC U12"]
[Site "Windsor CAN"]
[Date "2010.07.08"]
[Round "5"]
[White "Zhong, Xiao Xiang"]
[Black "Yang, Bryant"]
[Result "1-0"]
[WhiteElo "1686"]
[BlackElo "1500"]
[PlyCount "45"]
[EventDate "2010.07.06"]
[EventType "swiss"]
[EventRounds "7"]
[EventCountry "CAN"]

1. e4 e5 2. Nf3 Nc6 3. Bc4 Nf6 4. d4 exd4 5. O-O Bc5 6. e5 d5 7. exf6 dxc4 8.
fxg7 Rg8 9. Re1+ Be6 10. Ng5 Qd5 11. Nc3 Qf5 12. Nce4 Bb6 13. Nxe6 fxe6 14. Bg5
Rxg7 15. Qh5+ Qg6 16. Nf6+ Kf7 17. Qh3 Qf5 18. Qh5+ Qg6 19. Qh3 Qxg5 20. Qxe6+
Kg6 21. Ne4+ Kh5 22. Nxg5 Rxg5 23. Qh3+ 1-0

[Event "CYCC U12"]
[Site "Windsor CAN"]
[Date "2010.07.08"]
[Round "6"]
[White "Bhangoo, Kabir"]
[Black "Pernasilici, Lorenzo"]
[Result "1-0"]
[WhiteElo "1022"]
[BlackElo "1148"]
[PlyCount "53"]
[EventDate "2010.07.06"]
[EventType "swiss"]
[EventRounds "7"]
[EventCountry "CAN"]

1. d4 Nc6 2. Nf3 e6 3. c4 Bb4+ 4. Nc3 Bd6 5. g3 e5 6. e3 exd4 7. exd4 Nf6 8.
Bg2 O-O 9. O-O Ng4 10. Ng5 Be7 11. Qxg4 Bxg5 12. Bxg5 d5 13. Qf4 Qe8 14. Nxd5
Be6 15. Nxc7 Qc8 16. Nxa8 Qxa8 17. d5 Bd7 18. dxc6 bxc6 19. Qc7 Qe8 20. Qxa7
Qe2 21. Qxd7 Qxc4 22. Rfe1 h6 23. Re8 Rxe8 24. Qxe8+ Kh7 25. Be4+ g6 26. Bf6 c5
27. Qh8# 1-0

[Event "CYCC U12"]
[Site "Windsor CAN"]
[Date "2010.07.08"]
[Round "6"]
[White "Chana, Dilpreet"]
[Black "Kanwischer, Alek"]
[Result "1-0"]
[WhiteElo "1088"]
[BlackElo "1098"]
[PlyCount "85"]
[EventDate "2010.07.06"]
[EventType "swiss"]
[EventRounds "7"]
[EventCountry "CAN"]

1. e4 e5 2. Nf3 Nf6 3. Nc3 Bb4 4. a3 Bxc3 5. dxc3 O-O 6. Bd3 Nc6 7. Bg5 h6 8.
Bxf6 Qxf6 9. O-O d6 10. Bb5 Ne7 11. Qd2 Ng6 12. Rad1 Nf4 13. Rfe1 Qg6 14. g3
Nh3+ 15. Kg2 Qf6 16. Qe3 Bg4 17. Rd3 c6 18. Bc4 Ng5 19. Nh4 Bh3+ 20. Kg1 Ne6
21. Bxe6 Qxe6 22. Red1 Rad8 23. Qd2 Bg4 24. f3 Bh5 25. Rxd6 Qe7 26. Rxd8 Qc5+
27. Kg2 g5 28. g4 Bxg4 29. fxg4 gxh4 30. Qxh6 Qe7 31. R8d7 Qe6 32. Qxe6 fxe6
33. Rxb7 h3+ 34. Kxh3 Rf2 35. Rd8+ Rf8 36. Rdd7 Rf3+ 37. Kg2 Rf4 38. Rg7+ Kf8
39. Rgd7 Kg8 40. Kg3 Rf8 41. Rg7+ Kh8 42. Rh7+ Kg8 43. Rbg7# 1-0

[Event "CYCC U12"]
[Site "Windsor CAN"]
[Date "2010.07.08"]
[Round "6"]
[White "Farias, Durval"]
[Black "Lamothe, Zachari"]
[Result "1-0"]
[WhiteElo "979"]
[BlackElo "878"]
[PlyCount "75"]
[EventDate "2010.07.06"]
[EventType "swiss"]
[EventRounds "7"]
[EventCountry "CAN"]

1. f4 Nc6 2. Nf3 e6 3. e3 Nf6 4. d4 Bb4+ 5. c3 Bd6 6. Bd2 Ne4 7. Qc2 O-O 8.
Qxe4 f5 9. Qc2 g6 10. Be2 h5 11. O-O g5 12. Nxg5 h4 13. a4 b6 14. Na3 Bxa3 15.
Rxa3 Na5 16. b4 h3 17. Nxh3 Nc6 18. Bf3 Kf7 19. Ng5+ Kg6 20. e4 Ba6 21. c4 Nxd4
22. Qd1 Bxc4 23. Bh5+ Kf6 24. e5+ Ke7 25. Rf2 Rh8 26. Nf7 Qg8 27. Nxh8 Qxh8 28.
Bc3 Be2 29. Bxe2 Nc6 30. b5 Nd8 31. Bf3 Rc8 32. Bb4+ d6 33. exd6+ cxd6 34.
Qxd6+ Kf6 35. Qe5+ Kf7 36. Qxh8 Rc1+ 37. Rf1 Rc4 38. Bh5# 1-0

[Event "CYCC U12"]
[Site "Windsor CAN"]
[Date "2010.07.08"]
[Round "6"]
[White "Graif, William"]
[Black "McCleary, Reuben"]
[Result "1-0"]
[WhiteElo "1883"]
[BlackElo "1598"]
[PlyCount "141"]
[EventDate "2010.07.06"]
[EventType "swiss"]
[EventRounds "7"]
[EventCountry "CAN"]

1. e4 c5 2. Nf3 e6 3. d4 cxd4 4. Nxd4 Nf6 5. Nc3 Bb4 6. e5 Nd5 7. Qg4 Nxc3 8.
Qxg7 Rf8 9. Bd2 Nd5 10. Bxb4 Nxb4 11. Nb5 Qe7 12. Qxh7 Qc5 13. Nd6+ Kd8 14. Qg7
Kc7 15. Qxf8 Qxe5+ 16. Kd1 Qxd6+ 17. Qxd6+ Kxd6 18. h4 N8c6 19. c3 Nd5 20. Kc2
Ke7 21. g3 b6 22. Bg2 Bb7 23. Bxd5 exd5 24. Rad1 Kd6 25. Rhe1 Ne5 26. Re2 Rc8
27. f4 Ng6 28. h5 Ne7 29. Re5 f6 30. Re2 Nf5 31. g4 Ba6 32. Ree1 Ng3 33. Rd2
Ne4 34. Rxe4 Rg8 35. Red4 Bb7 36. Rg2 f5 37. g5 Ke7 38. h6 Kf7 39. Rg3 Kg6 40.
Rd2 Re8 41. Rh2 Rh8 42. Re2 d4 43. Re7 d3+ 44. Kxd3 Bd5 45. Rh3 Bf7 46. Rxd7 a5
47. Rd6+ Kh7 48. Rg3 Rg8 49. g6+ Rxg6 50. Rgxg6 Bxg6 51. Rxg6 Kxg6 52. Kd4 Kxh6
53. Ke5 Kg6 54. Ke6 Kg7 55. a4 Kg6 56. b3 Kg7 57. Kxf5 Kf7 58. Ke5 Ke7 59. f5
Kf7 60. f6 Kf8 61. Ke6 Ke8 62. f7+ Kf8 63. c4 b5 64. cxb5 Kg7 65. b6 Kf8 66. b7
Kg7 67. b8=Q Kh7 68. Qg8+ Kh6 69. Qg4 Kh7 70. f8=B Kh8 71. Qg7# 1-0

[Event "CYCC U12"]
[Site "Windsor CAN"]
[Date "2010.07.08"]
[Round "6"]
[White "Jean, Justin"]
[Black "Yu, Patrick"]
[Result "0-1"]
[WhiteElo "1577"]
[BlackElo "1572"]
[PlyCount "156"]
[EventDate "2010.07.06"]
[EventType "swiss"]
[EventRounds "7"]
[EventCountry "CAN"]

1. e4 c5 2. Nf3 d6 3. d4 cxd4 4. Nxd4 Nf6 5. Nc3 a6 6. Be3 e5 7. Nf3 Be6 8. Qd2
Be7 9. O-O-O Nbd7 10. Ng5 b5 11. g3 Nb6 12. Bxb6 Qxb6 13. Nxe6 fxe6 14. Bg2 O-O
15. Rhf1 Ng4 16. f3 Ne3 17. Qf2 Rab8 18. Bh3 Rf6 19. Rde1 Nxf1 20. Qxb6 Rxb6
21. Rxf1 Rb8 22. f4 Rbf8 23. f5 Rh6 24. Bg4 Rxh2 25. b3 h5 26. Bf3 Bg5+ 27. Kb2
exf5 28. exf5 Kh8 29. Be4 h4 30. gxh4 Rxh4 31. Re1 Bd2 32. Re2 Bxc3+ 33. Kxc3
b4+ 34. Kb2 Rd8 35. Bb7 a5 36. Bd5 Rc8 37. Be6 Rc5 38. Rd2 Rc6 39. Bd5 Rc5 40.
Be6 Rc6 41. Bd5 Rb6 42. Be6 e4 43. Bc4 Kh7 44. Re2 Kh6 45. Bd5 Kg5 46. Bxe4
Rxe4 47. Rxe4 Kxf5 48. Re2 g5 49. Rf2+ Kg4 50. Rg2+ Kf4 51. Rf2+ Kg3 52. Rf5 g4
53. Rg5 Rc6 54. Kc1 Rc5 55. Rg6 Kf4 56. Rf6+ Rf5 57. Rxd6 Kg3 58. Rd3+ Kh2 59.
Rd2+ Kh3 60. Rd3+ g3 61. Kb2 Kh2 62. c3 g2 63. Rd2 Kh1 64. Rxg2 Kxg2 65. cxb4
axb4 66. a3 Rf2+ 67. Kb1 bxa3 68. b4 Rb2+ 69. Ka1 Rxb4 70. Ka2 Kf3 71. Ka1 Ke3
72. Ka2 Kd3 73. Ka1 Kc2 74. Ka2 Kc3 75. Ka1 a2 76. Kxa2 Rb6 77. Ka1 Kc2 78. Ka2
Ra6# 0-1

[Event "CYCC U12"]
[Site "Windsor CAN"]
[Date "2010.07.08"]
[Round "6"]
[White "Jensen, Jacob"]
[Black "Doknjas, John"]
[Result "0-1"]
[WhiteElo "1661"]
[BlackElo "1896"]
[PlyCount "98"]
[EventDate "2010.07.06"]
[EventType "swiss"]
[EventRounds "7"]
[EventCountry "CAN"]

1. e4 c5 2. d4 cxd4 3. c3 dxc3 4. Nxc3 Nc6 5. Bc4 d6 6. Nf3 a6 7. O-O Nf6 8. e5
dxe5 9. Qxd8+ Nxd8 10. Nxe5 Be6 11. Bxe6 Nxe6 12. Rd1 Rd8 13. Rxd8+ Nxd8 14.
Bg5 Ne6 15. Bh4 g5 16. Bg3 Bg7 17. Rd1 O-O 18. Nd7 Nxd7 19. Rxd7 Rd8 20. Rxd8+
Nxd8 21. Kf1 Nc6 22. Ke2 f5 23. Bc7 b5 24. a3 Kf7 25. Bb6 Bxc3 26. bxc3 Ke6 27.
Ke3 Kd5 28. h3 h5 29. h4 gxh4 30. Kf4 Kc4 31. Kxf5 Kxc3 32. Kg5 Kb3 33. Bc5 a5
34. Kxh5 Kc4 35. Be3 b4 36. axb4 axb4 37. Kxh4 Kc3 38. g4 Nd4 39. Bc1 Kc2 40.
g5 Kxc1 41. g6 Ne6 42. f4 b3 43. f5 b2 44. fxe6 b1=Q 45. Kg5 Qb8 46. g7 Qg8 47.
Kg6 Qxe6+ 48. Kh7 Qf7 49. Kh8 e5 0-1

[Event "CYCC U12"]
[Site "Windsor CAN"]
[Date "2010.07.08"]
[Round "6"]
[White "Kong, Dezheng"]
[Black "Thanabalachandran, Kajan"]
[Result "1-0"]
[WhiteElo "2006"]
[BlackElo "1530"]
[PlyCount "112"]
[EventDate "2010.07.06"]
[EventType "swiss"]
[EventRounds "7"]
[EventCountry "CAN"]

1. c4 c5 2. Nf3 Nc6 3. g3 g6 4. Bg2 Bg7 5. Nc3 d6 6. O-O Nf6 7. d4 cxd4 8. Nxd4
Bd7 9. Nxc6 Bxc6 10. e4 O-O 11. Be3 Qc7 12. Rc1 b6 13. Nd5 Qb7 14. Bd4 Nh5 15.
Bxg7 Nxg7 16. Qd2 Ne8 17. Rfe1 Rc8 18. Nb4 Nf6 19. Nxc6 Qxc6 20. e5 Qd7 21.
exf6 exf6 22. b3 Rfe8 23. Qf4 Re7 24. Rxe7 Qxe7 25. Qe4 Qd7 26. Re1 Qc7 27. Qb7
Qxb7 28. Bxb7 Rc7 29. Re8+ Kg7 30. Bd5 f5 31. Rd8 Re7 32. Kf1 Kf6 33. Rxd6+ Ke5
34. Rd8 f6 35. Rb8 h5 36. Rb7 Rxb7 37. Bxb7 f4 38. Ke2 fxg3 39. fxg3 g5 40. Ke3
f5 41. b4 h4 42. gxh4 g4 43. c5 f4+ 44. Kf2 bxc5 45. bxc5 Ke6 46. c6 Kd6 47. h5
Kc7 48. h6 Kb6 49. h7 Kc7 50. h8=Q g3+ 51. hxg3 fxg3+ 52. Kxg3 Kb6 53. Qd8+ Kc5
54. c7 Kb5 55. c8=Q Kb4 56. Qd4+ Kb5 1-0

[Event "CYCC U12"]
[Site "Windsor CAN"]
[Date "2010.07.08"]
[Round "6"]
[White "Leu, Steven"]
[Black "O'Neil, Michael"]
[Result "1-0"]
[WhiteElo "1459"]
[BlackElo "1080"]
[PlyCount "93"]
[EventDate "2010.07.06"]
[EventType "swiss"]
[EventRounds "7"]
[EventCountry "CAN"]

1. e4 c5 2. Nf3 Nc6 3. d4 cxd4 4. Nxd4 e5 5. Nb5 Nf6 6. f3 a6 7. Nd6+ Bxd6 8.
Qxd6 Qe7 9. Qxe7+ Nxe7 10. Bg5 O-O 11. Nc3 b5 12. O-O-O Re8 13. Bxf6 gxf6 14.
Nd5 Nxd5 15. Rxd5 Rd8 16. Rd6 Kg7 17. Be2 Bb7 18. Rhd1 Bc6 19. g3 Ra7 20. Rxc6
Raa8 21. Rcd6 Ra7 22. Bf1 Rc7 23. Kb1 Rdc8 24. R1d2 Rd8 25. Bh3 a5 26. Rxd7
Rcxd7 27. Rxd7 Rxd7 28. Bxd7 b4 29. Bf5 h5 30. c4 bxc3 31. bxc3 Kh6 32. c4 Kg5
33. h4+ Kh6 34. c5 Kg7 35. c6 Kf8 36. c7 Ke7 37. c8=Q Kd6 38. Kc2 a4 39. Qd7+
Kc5 40. Kc3 a3 41. Qd5+ Kb6 42. Bd7 Kc7 43. Qc6+ Kd8 44. Qd6 f5 45. Be6+ Ke8
46. Qd7+ Kf8 47. Qxf7# 1-0

[Event "CYCC U12"]
[Site "Windsor CAN"]
[Date "2010.07.08"]
[Round "6"]
[White "Mathews, Jeremy"]
[Black "Clemente, Denroi Lee"]
[Result "1-0"]
[WhiteElo "1250"]
[BlackElo "988"]
[PlyCount "75"]
[EventDate "2010.07.06"]
[EventType "swiss"]
[EventRounds "7"]
[EventCountry "CAN"]

1. e4 e5 2. Nf3 Nc6 3. Bb5 Nf6 4. O-O Nxe4 5. Bxc6 dxc6 6. Re1 Bf5 7. d3 Bb4 8.
c3 Bc5 9. dxe4 Bg4 10. Qxd8+ Rxd8 11. Nxe5 Be6 12. Be3 Bxe3 13. fxe3 Rd2 14.
Nxd2 O-O 15. Nb3 Bxb3 16. axb3 a6 17. Rf1 f6 18. Ng4 h5 19. Nxf6+ gxf6 20. e5
fxe5 21. Rxf8+ Kxf8 22. Rf1+ Ke7 23. Rf5 Kd6 24. Rxh5 b5 25. c4 bxc4 26. bxc4
c5 27. e4 a5 28. Rh6+ Kd7 29. Ra6 a4 30. Rxa4 c6 31. h4 Ke6 32. h5 Kf7 33. Ra7+
Kg8 34. h6 Kh8 35. g4 Kg8 36. g5 Kh8 37. g6 Kg8 38. Ra8# 1-0

[Event "CYCC U12"]
[Site "Windsor CAN"]
[Date "2010.07.08"]
[Round "6"]
[White "McCullough, David"]
[Black "Ye, Hanyuan"]
[Result "1-0"]
[WhiteElo "1422"]
[BlackElo "1670"]
[PlyCount "50"]
[EventDate "2010.07.06"]
[EventType "swiss"]
[EventRounds "7"]
[EventCountry "CAN"]

1. d4 e6 2. c4 c5 3. d5 exd5 4. cxd5 d6 5. e4 Nf6 6. Nc3 g6 7. Bb5+ Bd7 8.
Bxd7+ Nbxd7 9. Nf3 Bg7 10. Bg5 O-O 11. O-O Qb6 12. Rb1 Rfe8 13. Re1 Ne5 14. a3
a5 15. Nxe5 Rxe5 16. f4 Ree8 17. Kh1 Nd7 18. Re2 Kh8 19. Qd3 Rac8 20. Qh3 Nf6
21. e5 dxe5 22. fxe5 h6 23. Bxf6 Bxf6 24. exf6 Qxf6 25. Rbe1 Rxe2 1-0

[Event "CYCC U12"]
[Site "Windsor CAN"]
[Date "2010.07.08"]
[Round "6"]
[White "Papadopoulos, Andrew"]
[Black "Baki, Shaumik"]
[Result "0-1"]
[WhiteElo "1005"]
[BlackElo "1336"]
[PlyCount "132"]
[EventDate "2010.07.06"]
[EventType "swiss"]
[EventRounds "7"]
[EventCountry "CAN"]

1. e3 e5 2. Nc3 Nf6 3. d3 d5 4. d4 exd4 5. exd4 Bf5 6. Nf3 Nc6 7. Bd3 Bg4 8.
Bb5 Be7 9. Bxc6+ bxc6 10. O-O O-O 11. a3 h6 12. h3 Bh5 13. b4 Nd7 14. g4 Bg6
15. Bb2 Bf6 16. Re1 Re8 17. Rb1 Rxe1+ 18. Qxe1 Bxc2 19. Rc1 Bg6 20. a4 Nb6 21.
b5 cxb5 22. Nxb5 Nc4 23. Ba1 a6 24. Nc3 Nb6 25. Ne5 Bh7 26. Na2 Nxa4 27. f4
Bxe5 28. Qxe5 Ra7 29. g5 hxg5 30. fxg5 Be4 31. Nc3 Nxc3 32. Bxc3 Qd7 33. Qg3
Qc6 34. Bd2 Qb6 35. Bf4 Rb7 36. Qh2 Qxd4+ 37. Qf2 Qd3 38. Bg3 Rb1 39. Qe1 Rxc1
40. Qxc1 Qxg3+ 41. Kf1 Qxh3+ 42. Ke2 Qf3+ 43. Kd2 Qf4+ 44. Kd1 Qxc1+ 45. Kxc1
Kh7 46. g6+ Kxg6 47. Kb2 f5 48. Kc1 f4 49. Kb2 f3 50. Kc1 f2 51. Kb2 f1=Q 52.
Kc3 d4+ 53. Kxd4 c5+ 54. Kxe4 Qf6 55. Kd3 c4+ 56. Kxc4 Qd6 57. Kc3 Qd5 58. Kb4
Qc6 59. Ka5 Qb7 60. Ka4 Qb6 61. Ka3 Qb5 62. Ka2 Kf5 63. Ka3 Ke4 64. Ka2 Kd3 65.
Ka1 Kc3 66. Ka2 Qb2# 0-1

[Event "CYCC U12"]
[Site "Windsor CAN"]
[Date "2010.07.08"]
[Round "6"]
[White "Song, Terry"]
[Black "Song, Edward"]
[Result "1/2-1/2"]
[WhiteElo "1916"]
[BlackElo "1850"]
[PlyCount "65"]
[EventDate "2010.07.06"]
[EventType "swiss"]
[EventRounds "7"]
[EventCountry "CAN"]

1. e4 c5 2. Nf3 Nc6 3. Nc3 d6 4. d4 cxd4 5. Nxd4 Nf6 6. Be2 e6 7. Be3 Be7 8.
O-O O-O 9. Qd2 a6 10. f4 Qc7 11. a4 Bd7 12. Rad1 Rfd8 13. f5 e5 14. Nb3 Rac8
15. Nd5 Nxd5 16. exd5 Nb8 17. Bd3 Bxa4 18. Qb4 Bb5 19. c4 Be8 20. Bb6 Qd7 21.
Rf3 Qa4 22. Qxa4 Bxa4 23. Bxd8 Bxb3 24. Bxe7 Bxd1 25. Rf1 Bb3 26. Bxd6 Nd7 27.
Rc1 b5 28. Rc3 bxc4 29. Bxc4 Bxc4 30. b3 Nb6 31. bxc4 Nxc4 32. Bb4 f6 33. Kf2
1/2-1/2